Available copies
- 0 of 1 copy available at LARL/NWRL Consortium.
Current holds
0 current holds with 1 total copy.
View other formats and editions
Show Only Available Copies
| Location | Call Number / Copy Notes | Barcode | Shelving Location | Status | Due Date |
|---|---|---|---|---|---|
| Hallock Public Library | e 631.372 DIT (Text) | 35500006929432 | New | Checked out | 07/15/2026 |
Record details
- ISBN: 9798895810491
- ISBN: 9798896800026
- Physical Description: 24 pages : illustrations ; 21 cm.
- Edition: [2026 edition].
- Publisher: Mankato, Minnesota : Creative Education and Creative Paperbacks, [2026]
- Copyright: ©2026
Content descriptions
| Bibliography, etc. Note: | Includes bibliographical references (page 22) and ... Read More |
| Formatted Contents Note: | Hello, tractors! -- Powerful pullers -- In the cab ... Read More |
| Summary, etc.: | "An engaging introduction to tractors, this ... Read More |
| Target Audience Note: | Ages 4-7 Creative Education and Creative ... Read More Grades K-1 Creative Education and Creative ... Read More |
Search for related items by subject
| Subject: | Farm tractors > Juvenile literature. |
Search for related items by series
| LDR | 03030cam a22005418i 4500 | ||
|---|---|---|---|
| 001 | 484589 | ||
| 003 | LARL_NWRL_CONSORTIUM | ||
| 005 | 20260410155144.0 | ||
| 008 | 250725s2026 mnua j b 001 0 eng | ||
| 007 | ta | ||
| 010 | . | ‡a 2025013165 | |
| 040 | . | ‡aDLC ‡beng ‡erda ‡cDLC ‡dOCLCO ‡dIMF | |
| 020 | . | ‡a9798895810491 ‡q(library binding) | |
| 020 | . | ‡a9798896800026 ‡q(paperback) | |
| 020 | . | ‡z9798895811757 ‡q(ebook) | |
| 035 | . | ‡a(OCoLC)1530180570 | |
| 042 | . | ‡apcc | |
| 082 | 0 | 0. | ‡a631.3/72 ‡223/eng/20250731 |
| 100 | 1 | . | ‡aDittmer, Lori, ‡eauthor. ‡4aut ‡4http://id.loc.gov/vocabulary/relators/aut ‡1https://id.oclc.org/worldcat/entity/E39PCjy8wxmy9DbTCddxRTYJQq ‡1http://id.loc.gov/rwo/agents/n2008035790 |
| 245 | 1 | 0. | ‡aTractors / ‡cLori Dittmer. |
| 250 | . | ‡a[2026 edition]. | |
| 264 | 1. | ‡aMankato, Minnesota : ‡bCreative Education and Creative Paperbacks, ‡c[2026] | |
| 264 | 4. | ‡c©2026 | |
| 300 | . | ‡a24 pages : ‡billustrations ; ‡c21 cm. | |
| 334 | . | ‡asingle unit ‡bmono | |
| 336 | . | ‡atext ‡btxt ‡2rdacontent | |
| 337 | . | ‡aunmediated ‡bn ‡2rdamedia | |
| 338 | . | ‡avolume ‡bnc ‡2rdacarrier | |
| 353 | . | ‡abibliography ‡bbibliography | |
| 353 | . | ‡aindex ‡bindex | |
| 490 | 0 | . | ‡aMarvels vehicles |
| 504 | . | ‡aIncludes bibliographical references (page 22) and index. | |
| 505 | 0 | . | ‡aHello, tractors! -- Powerful pullers -- In the cab -- Heavy loads -- Tall tires -- Good grip -- What do tractors do? -- Goodbye, tractors! -- Picture a tractor. |
| 520 | . | ‡a"An engaging introduction to tractors, this agriculture book for beginning readers features eye-catching photographs, humorous captions, and basic facts about this multi-purpose farm machine. Includes a labeled image guide, glossary, index, and further resources"-- Provided by publisher. | |
| 521 | . | ‡aAges 4-7 ‡bCreative Education and Creative Paperbacks. | |
| 521 | . | ‡aGrades K-1 ‡bCreative Education and Creative Paperbacks. | |
| 650 | 0. | ‡aFarm tractors ‡vJuvenile literature. ‡0(LARL_NWRL_CONSORTIUM)172069 | |
| 901 | . | ‡a484589 ‡bAUTOGEN ‡c484589 ‡tbiblio | |

Add to basket
Permalink
Disable Highlighting